[Event "94th FRA-ch 2019"]
[Site "Chartres"]
[Date "2019.08.23"]
[Round "7.1"]
[White "Cornette, Matthieu"]
[Black "Gozzoli, Yannick"]
[Result "1/2-1/2"]
[WhiteElo "2555"]
[BlackElo "2614"]
[Annotator "TA"]
[PlyCount "61"]
[EventDate "2019.08.17"]
[EventType "tourn"]
[EventCountry "FRA"]
[SourceTitle "playchess.com"]
[Source "ChessBase"]
[SourceQuality "1"]

{[%evp 9,61,16,14,2,4,3,8,0,4,6,12,18,19,14,20,14,34,23,40,28,35,43,34,19,14,25,52,0,20,10,22,0,0,-12,0,0,0,0,0,0,0,0,0,0,0,0,0,0,0,0,0,0,0,0]} 1. e4 e5 2. Nf3 Nc6 3. Bb5 a6 4. Ba4 Nf6 5. Nc3 Be7 (5... Bc5 6. Bxc6 dxc6 7. d3 Qd6 8. h3 Be6 9. Be3 Nd7 10. Bxc5 Nxc5 11. Qd2 Nd7 12. d4 exd4 13. Nxd4 c5 14. Nxe6 fxe6 {1-0 (76) Carlsen,M (2835)-Anand,V (2773) Wijk aan Zee 2019}) 6. Bxc6 {C77: Ruy Lopez: 3...a6 4 Ba4 Nf6, unusual lines} dxc6 7. a3 O-O 8. d3 $146 ({Predecessor:} 8. Nxe5 Nxe4 9. Nxe4 Qd4 10. d3 Qxe5 11. O-O Be6 12. Re1 Qd5 {1-0 (40) Schmidt,W (2350)-Weiss,H Schwarzach 2002}) 8... Nd7 9. h4 f6 10. h5 Nc5 11. Nh4 Ne6 12. Ne2 {[%cal Bc3e2,Be2g3,Bg3f5][%mdl 32]} Re8 13. Ng3 Bf8 14. Be3 c5 15. Ngf5 Nd4 16. Bxd4 cxd4 17. Qg4 Kf7 18. Rh3 ({Better is} 18. f4 $14) 18... a5 {[%cal Ba6a5,Ba5a4][%mdl 32] The position is equal.} 19. Rg3 Ra6 20. Kd2 Rb6 21. b3 {[%cal Bb2b3,Bb3b4,Bb4c5][%mdl 32]} a4 22. b4 c5 23. bxc5 Rc6 24. Nh6+ $1 gxh6 25. Qg8+ {[%mdl 64] [#] Double Attack} Ke7 26. Qxh7+ Ke6 {White must now prevent ...Qc7.} 27. Qf5+ $1 Kf7 28. Qg6+ Ke7 {[#] aiming for ...Qa5+.} 29. Qh7+ Ke6 {Strongly threatening ...Qc7.} 30. Qf5+ $1 Kf7 31. Qh7+ {Accuracy: White = 71%, Black = 60%.} 1/2-1/2

[Event "94th FRA-ch 2019"]
[Site "Chartres"]
[Date "2019.08.23"]
[Round "7.2"]
[White "Fressinet, Laurent"]
[Black "Edouard, Romain"]
[Result "1/2-1/2"]
[WhiteElo "2625"]
[BlackElo "2650"]
[Annotator "TA"]
[PlyCount "101"]
[EventDate "2019.08.17"]
[EventType "tourn"]
[EventCountry "FRA"]
[SourceTitle "playchess.com"]
[Source "ChessBase"]
[SourceQuality "1"]

{[%evp 19,101,27,31,28,27,24,37,20,31,6,10,15,11,4,12,13,22,0,16,10,17,0,0,0,0,0,0,0,0,0,0,-4,0,0,0,0,0,0,25,25,25,0,29,29,29,29,33,33,33,33,33,33,33,33,36,0,0,0,0,0,110,8,33,0,103,0,0,0,0,0,0,0,0,0,0,0,0,0,0,0,0,0,0,0]} 1. d4 d5 2. Nf3 Nf6 3. c4 dxc4 4. e3 e6 5. Bxc4 c5 6. O-O a6 7. Nc3 b5 8. Be2 Bb7 9. dxc5 Bxc5 10. Qxd8+ Kxd8 11. Nd2 {D27: Queen's Gambit Accepted: Classical main line: 7 e4!? and 7 a4} Ke7 12. Nb3 Bd6 13. Na5 {White is slightly better.} (13. Rd1 Rd8 14. f3 Bc7 15. Rxd8 Bxd8 16. e4 Nfd7 17. Be3 Nc6 18. Rd1 Rc8 {½-½ (60) Fressinet,L (2702)-Edouard,R (2636) Cap d'Agde 2015}) 13... Ra7 14. Nxb7 (14. Bd2 {with more complications.} Rd8 15. Rfd1 Nc6 16. Nb3 Raa8 17. Rac1) 14... Rxb7 15. Bd2 Rd8 16. Rfd1 Nc6 17. Be1 {[#]} Rc7 $146 ({Predecessor:} 17... Ne5 18. a4 b4 19. Nb1 a5 20. Nd2 Bc5 21. Nb3 Rxd1 22. Rxd1 Bb6 23. Kf1 Rc7 24. Rc1 {½-½ (25) Lysyj,I (2617)-Jakovenko,D (2741) Khanty-Mansiysk 2012}) 18. Kf1 g5 19. h3 Ne5 20. a4 b4 21. Na2 {[%cal Bc3a2,Ba2c1,Bc1b3][%mdl 32]} a5 22. Nc1 Bc5 23. Rxd8 Kxd8 24. Nb3 Bb6 25. Rc1 Ne4 26. Rxc7 Kxc7 27. f3 Nd6 {Strongly threatening ...Nec4.} 28. Bg3 f6 (28... Nd7 {is interesting.} 29. Bb5 e5 30. Bd3 f5 31. Ke2 f4) 29. Bxe5 fxe5 $11 {[%mdl 4096] Endgame KBN-KBN} 30. Bd3 h5 31. Ke2 h4 32. Nd2 Kd7 33. Be4 Nf5 34. Nc4 {[%mdl 64] Double Attack} Bc7 35. Kd3 Ne7 36. Nd2 Nf5 37. Bxf5 exf5 $14 {KB-KN} 38. Kc4 {Hoping for Kb5.} Kc6 $1 39. Nf1 Bb6 {[#]} (39... Bd8 $11 {remains equal.}) 40. Kd3 (40. e4 $1 $16) 40... Bc7 41. Kc4 ({White should try} 41. e4 $14) 41... Bb6 $16 {[#]} 42. b3 (42. e4 $1 $16 {[%cal Re4f5]} fxe4 43. fxe4) 42... Ba7 {The position is equal.} 43. Kd3 Bb8 44. Nd2 Kc5 45. Nc4 Bc7 46. Nb2 Bd8 47. Nd1 Be7 48. Nf2 Bf8 49. Ke2 Bd6 50. Nd3+ Kd5 51. Nb2 {Accuracy: White = 69%, Black = 82%.} 1/2-1/2

[Event "94th FRA-ch 2019"]
[Site "Chartres"]
[Date "2019.08.23"]
[Round "7.3"]
[White "Lagarde, Maxime"]
[Black "Maze, Sebastien"]
[Result "1/2-1/2"]
[WhiteElo "2626"]
[BlackElo "2554"]
[Annotator "TA"]
[PlyCount "59"]
[EventDate "2019.08.17"]
[EventType "tourn"]
[EventCountry "FRA"]
[SourceTitle "playchess.com"]
[Source "ChessBase"]
[SourceQuality "1"]

{[%evp 19,59,17,15,-24,-10,-45,-8,-8,0,0,0,0,0,0,0,0,0,0,0,0,4,-9,-9,-9,-3,-12,-4,-26,0,0,0,0,0,0,0,0,0,0,0,0,0,0]} 1. e4 e5 2. Nf3 Nc6 3. Bb5 Nf6 4. O-O Nxe4 5. d4 Nd6 6. Bxc6 dxc6 7. dxe5 Nf5 8. Qxd8+ Kxd8 9. h3 Ke8 10. Nc3 Be6 11. Bf4 {C67: Ruy Lopez: Berlin Defence: 4 0-0 Nxe4} (11. Rd1 Bc5 12. g4 Ne7 13. Ng5 Bd5 14. Nge4 Bb6 15. Kg2 Rd8 16. Bf4 Ng6 17. Bg3 h5 18. f4 hxg4 19. hxg4 {½-½ (56) Anand,V (2803)-Carlsen,M (2850) London 2015}) 11... Bb4 12. g4 $146 ({Predecessor:} 12. Bd2 Rd8 13. Rfe1 Nh4 14. Bg5 Nxf3+ 15. gxf3 Rd4 16. Rad1 Bxc3 17. bxc3 Rd7 18. Rxd7 Kxd7 {0-1 (28) Harman,K (1711)-Hild,H ICCF email 2017}) 12... Ne7 (12... Bxc3 $5 13. gxf5 (13. bxc3 Ne7 $11) 13... Bd5 $11) 13. Ne4 h5 14. c3 Ng6 15. Bg3 $1 Be7 16. Nd4 Bd5 17. Rfe1 hxg4 18. hxg4 Bh4 19. Kg2 Rd8 20. Bxh4 Nxh4+ 21. Kg3 $1 Bxe4 22. Rxe4 c5 23. Nb5 Rd3+ 24. Re3 {The position is equal.} Rxe3+ 25. fxe3 $11 {KRN-KRN} Ng6 26. Rd1 Nxe5 27. Nxc7+ Ke7 28. Nd5+ Ke6 29. Nf4+ Ke7 $1 30. Nd5+ {Accuracy: White = 82%, Black = 74%.} 1/2-1/2

[Event "94th FRA-ch 2019"]
[Site "Chartres"]
[Date "2019.08.23"]
[Round "7.4"]
[White "Moussard, Jules"]
[Black "Gharamian, Tigran"]
[Result "1/2-1/2"]
[WhiteElo "2595"]
[BlackElo "2586"]
[Annotator "ChessBase"]
[PlyCount "81"]
[EventDate "2019.08.17"]
[EventType "tourn"]
[EventCountry "FRA"]
[SourceTitle "playchess.com"]
[Source "ChessBase"]
[SourceQuality "1"]
[TimeControl "40/5400+30:1800+30"]

1. e4 {[%emt 0:00:00]} c5 {[%emt 0:00:00]} 2. Nf3 {[%emt 0:00:00]} d6 {[%emt 0:00:00]} 3. d4 {[%emt 0:00:00]} cxd4 {[%emt 0:00:00]} 4. Nxd4 {[%emt 0:00:06]} Nf6 {[%emt 0:00:05]} 5. Nc3 {[%emt 0:00:06]} a6 {[%emt 0:00:18]} 6. Bd3 {[%emt 0:01:43]} g6 {[%emt 0:06:30]} 7. f4 {[%emt 0:08:16]} Bg7 {[%emt 0:00:44]} 8. Nf3 {[%emt 0:00:45]} Qb6 {[%emt 0:12:56]} 9. Qe2 {[%emt 0:09:20]} Nc6 {[%emt 0:06:48]} 10. Rb1 {[%emt 0:08:25]} O-O {[%emt 0:06:33]} 11. Be3 {[%emt 0:07:49]} Qc7 {[%emt 0:14:21]} 12. O-O {[%emt 0:01:56]} b5 {[%emt 0:00:09]} 13. Kh1 {[%emt 0:09:59]} Bb7 {[%emt 0:09:22]} 14. f5 {[%emt 0:04:38]} e6 {[%emt 0:04:03]} 15. Qd2 {[%emt 0:02:30]} Ne5 {[%emt 0:11:57]} 16. Nxe5 {[%emt 0:02:19]} dxe5 {[%emt 0:00:05]} 17. fxe6 {[%emt 0:00:10]} fxe6 {[%emt 0:00:05]} 18. a3 {[%emt 0:01:15]} Rad8 {[%emt 0:03:05]} 19. Qe2 {[%emt 0:00:17]} Nh5 {[%emt 0:00:24]} 20. g3 {[%emt 0:00:39]} Nf6 {[%emt 0:00:25]} 21. h3 {[%emt 0:01:11]} Nd7 {[%emt 0:03:46]} 22. Kh2 {[%emt 0:01:47]} Nc5 {[%emt 0:00:54]} 23. Rxf8+ {[%emt 0:01:21]} Rxf8 {[%emt 0:00:40]} 24. Rf1 {[%emt 0:00:45]} Rd8 {[%emt 0:01:43]} 25. Qg4 {[%emt 0:01:37]} Nxd3 {[%emt 0:02:51]} 26. Qxe6+ {[%emt 0:02:25]} Kh8 {[%emt 0:00:04]} 27. Rf7 {[%emt 0:07:16]} Bc8 {[%emt 0:01:08]} 28. Qd5 {[%emt 0:03:21]} Rd7 {[%emt 0:10:24]} 29. Rxd7 {[%emt 0:00:08]} Qxd7 {[%emt 0:00:07]} 30. Qxd7 {[%emt 0:00:06]} Bxd7 {[%emt 0:00:04]} 31. cxd3 {[%emt 0:00:05]} Kg8 {[%emt 0:00:34]} 32. g4 {[%emt 0:00:39]} Kf7 {[%emt 0:00:52]} 33. g5 {[%emt 0:00:22]} Bf8 {[%emt 0:00:35]} 34. b4 {[%emt 0:00:20]} a5 {[%emt 0:01:44]} 35. bxa5 {[%emt 0:03:21]} b4 {[%emt 0:00:05]} 36. axb4 {[%emt 0:02:44]} Bxb4 {[%emt 0:00:03]} 37. Nd1 {[%emt 0:03:35]} Bxa5 {[%emt 0:00:57]} 38. Nb2 {[%emt 0:00:03]} Bc3 {[%emt 0:01:40]} 39. Nd1 {[%emt 0:00:04]} Be1 {[%emt 0:00:48]} 40. Kg2 {[%emt 0:00:05]} Ba4 {[%emt 0:00:29]} 41. Kf1 {[%emt 0:33:50]} 1/2-1/2

[Event "94th FRA-ch 2019"]
[Site "Chartres"]
[Date "2019.08.23"]
[Round "7.5"]
[White "Feller, Sebastien"]
[Black "Favarel, Julien"]
[Result "1/2-1/2"]
[WhiteElo "2577"]
[BlackElo "2333"]
[Annotator "ChessBase"]
[PlyCount "92"]
[EventDate "2019.08.17"]
[EventType "tourn"]
[EventCountry "FRA"]
[SourceTitle "playchess.com"]
[Source "ChessBase"]
[SourceQuality "1"]
[TimeControl "40/5400+30:1800+30"]

1. d4 {[%emt 0:07:23]} d5 {[%emt 0:00:00]} 2. Bg5 {[%emt 0:00:27]} Nd7 {[%emt 0:04:46]} 3. Nd2 {[%emt 0:05:53]} h6 {[%emt 0:03:20]} 4. Bh4 {[%emt 0:01:00]} Ngf6 {[%emt 0:00:46]} 5. e3 {[%emt 0:01:13]} e6 {[%emt 0:01:25]} 6. c3 {[%emt 0:01:13]} Be7 {[%emt 0:01:53]} 7. f4 {[%emt 0:03:26]} b6 {[%emt 0:15:42]} 8. Bd3 {[%emt 0:13:55]} Bb7 {[%emt 0:01:48]} 9. Qf3 {[%emt 0:02:52]} c5 {[%emt 0:04:25]} 10. Bxf6 {[%emt 0:10:19]} Bxf6 {[%emt 0:02:38]} 11. Qe2 {[%emt 0:03:05]} a6 {[%emt 0:11:07]} 12. Ngf3 {[%emt 0:00:33]} Be7 {[%emt 0:13:52]} 13. O-O {[%emt 0:03:47]} O-O {[%emt 0:05:07]} 14. Ne5 {[%emt 0:01:55]} b5 {[%emt 0:05:28]} 15. Rf2 {[%emt 0:07:21]} b4 {[%emt 0:04:56]} 16. Raf1 {[%emt 0:01:42]} Bd6 {[%emt 0:04:57]} 17. g4 {[%emt 0:07:34]} Bxe5 {[%emt 0:04:24]} 18. fxe5 {[%emt 0:00:53]} f6 {[%emt 0:00:29]} 19. exf6 {[%emt 0:04:02]} Rxf6 {[%emt 0:00:15]} 20. cxb4 {[%emt 0:03:07]} cxb4 {[%emt 0:00:42]} 21. Nb3 {[%emt 0:02:19]} Rxf2 {[%emt 0:01:04]} 22. Qxf2 {[%emt 0:00:06]} Qe7 {[%emt 0:01:04]} 23. Na5 {[%emt 0:07:01]} Nf6 {[%emt 0:01:20]} 24. Qf4 {[%emt 0:00:11]} Rc8 {[%emt 0:03:04]} 25. g5 {[%emt 0:03:56]} hxg5 {[%emt 0:00:43]} 26. Qxg5 {[%emt 0:00:01]} Rc7 {[%emt 0:00:40]} 27. Nb3 {[%emt 0:01:44]} Bc8 {[%emt 0:01:54]} 28. Qg3 {[%emt 0:01:59]} e5 {[%emt 0:02:12]} 29. Bg6 {[%emt 0:02:42]} exd4 {[%emt 0:01:34]} 30. Nxd4 {[%emt 0:00:17]} Ne4 {[%emt 0:01:14]} 31. Bxe4 {[%emt 0:01:41]} dxe4 {[%emt 0:00:24]} 32. Kh1 {[%emt 0:00:56]} Rc5 {[%emt 0:00:46]} 33. Rg1 {[%emt 0:00:15]} Rh5 {[%emt 0:01:04]} 34. Qb8 {[%emt 0:01:09]} Qf8 {[%emt 0:00:45]} 35. Rc1 {[%emt 0:00:39]} Bh3 {[%emt 0:00:32]} 36. Qxf8+ {[%emt 0:00:23]} Kxf8 {[%emt 0:00:01]} 37. Ne2 {[%emt 0:00:39]} Bg4 {[%emt 0:00:35]} 38. Nf4 {[%emt 0:00:22]} Bf3+ {[%emt 0:00:29]} 39. Kg1 {[%emt 0:00:02]} Ra5 {[%emt 0:00:51]} 40. a3 {[%emt 0:01:18]} bxa3 {[%emt 0:00:27]} 41. bxa3 {[%emt 0:00:55]} Rxa3 {[%emt 0:10:49]} 42. Kf2 {[%emt 0:03:00]} Kg8 {[%emt 0:03:29]} 43. h4 {[%emt 0:03:40]} Kh7 {[%emt 0:03:21]} 44. Rc6 {[%emt 0:03:22]} Bg4 {[%emt 0:03:12]} 45. Ng6 {[%emt 0:03:08]} Bf5 {[%emt 0:02:25]} 46. Ne5 {[%emt 0:00:05]} Ra5 {[%emt 0:11:01]} 1/2-1/2

[Event "94th FRA-ch 2019"]
[Site "Chartres"]
[Date "2019.08.24"]
[Round "8.1"]
[White "Favarel, Julien"]
[Black "Fressinet, Laurent"]
[Result "0-1"]
[WhiteElo "2333"]
[BlackElo "2625"]
[Annotator "TA"]
[PlyCount "128"]
[EventDate "2019.08.17"]
[EventType "tourn"]
[EventCountry "FRA"]
[SourceTitle "playchess.com"]
[Source "ChessBase"]
[SourceQuality "1"]

{[%evp 9,128,17,49,37,35,29,41,26,27,29,32,33,38,18,18,0,0,-30,-30,-29,-12,-16,-14,-9,-10,-11,0,0,0,-15,6,-14,-5,-20,-21,-21,-25,-31,-35,-53,-56,-61,-65,-68,-64,-69,-64,-68,-49,-45,0,-16,-16,-40,0,0,0,0,0,0,0,0,0,0,0,-40,-40,-50,-31,-50,-31,-50,-50,-82,-82,-82,-41,-41,-19,-19,-19,-19,-19,-19,-19,-33,-17,-41,-41,-41,-41,-41,-41,-68,-68,-68,-68,-68,-68,-68,-68,-68,-68,-29966,-29970,-29971,-29972,-29969,-29973,-29965,-29968,-29986,-29987,-29987,-29985,-29994,-29995,-29995,-29996,-29996,-29997]} 1. e4 c5 2. Nf3 d6 3. d4 cxd4 4. Nxd4 Nf6 5. Nc3 Bd7 6. f3 {B56: Classical Sicilian: Unusual Lines} (6. Bc4 e6 7. Qe2 a6 8. g4 b5 9. g5 bxc4 10. gxf6 Qxf6 11. Qxc4 Nc6 12. Nxc6 Rc8 13. Rg1 Rxc6 14. Qd3 {½-½ (45) Nepomniachtchi,I (2763)-Zvjaginsev,V (2642) Moscow 2018}) 6... e5 7. Nb3 Be7 8. Be3 {White is slightly better.} O-O 9. Qd2 a5 10. a4 Na6 11. Bb5 Be6 12. O-O Nb4 13. Rfd1 d5 14. exd5 Nfxd5 15. Nxd5 Nxd5 $146 ({Predecessor:} 15... Bxd5) 16. Qf2 Qc7 17. Bc5 Rfc8 {[%cal Re7c5]} 18. Bxe7 Qxe7 19. Nc1 Nf6 20. Bd3 Qc7 21. Ne2 e4 $36 {[%mdl 2112] Decoy. Black is pushing.} 22. Bxe4 Nxe4 23. fxe4 Qxc2 24. Nc3 Qxf2+ 25. Kxf2 Rc4 26. Ke3 Rb4 27. Rd2 Kf8 28. Nd5 Bxd5 29. exd5 $15 {[%mdl 4096] Endgame KRR-KRR} Re8+ 30. Kf2 Ree4 31. Rc1 Rf4+ 32. Kg3 {Black must now prevent d6.} Rg4+ (32... Rxa4 $2 33. d6 $18 (33. Rc8+ Ke7 $11)) 33. Kf3 Rbf4+ 34. Ke3 Re4+ 35. Kf3 Rgf4+ 36. Kg3 g5 {[%cal Re4e3]} ({Avoid the trap} 36... Rxa4 $2 37. d6 $18 (37. Rc8+ Ke7 $11)) 37. h3 Rxa4 38. d6 Rad4 39. Rc8+ Kg7 40. Rxd4 Rxd4 {KR-KR} 41. Rb8 Rxd6 42. Rxb7 h6 43. Rb5 $1 Ra6 44. h4 Kg6 45. hxg5 hxg5 46. Kg4 f6 47. b3 Ra7 48. Rc5 Rb7 49. Rxa5 {[#]} f5+ $1 {[%mdl 512]} 50. Kg3 (50. Rxf5 Rb4+) 50... Rxb3+ 51. Kh2 f4 52. Rc5 Kh5 53. Rc8 Rb2 54. Rh8+ Kg4 {aiming for ...f3.} 55. Rh3 Kf5 {And now ...g4 would win.} 56. Rf3 $2 {[%mdl 8192]} (56. Ra3 $15) 56... g4 {Black mates.} 57. Rf1 f3 $1 58. Kh1 {[#]} Kf4 $1 ({And not} 58... Rxg2 59. Rxf3+ gxf3 $11) 59. gxf3 gxf3 60. Ra1 Kg3 61. Rg1+ Kh3 {[%csl Gh3][%cal Rb2h2]} 62. Rf1 Rh2+ 63. Kg1 Rg2+ 64. Kh1 f2 {Accuracy: White = 51%, Black = 73%.} 0-1

[Event "94th FRA-ch 2019"]
[Site "Chartres"]
[Date "2019.08.24"]
[Round "8.2"]
[White "Edouard, Romain"]
[Black "Moussard, Jules"]
[Result "0-1"]
[WhiteElo "2650"]
[BlackElo "2595"]
[Annotator "RC"]
[PlyCount "136"]
[EventDate "2019.08.17"]
[EventType "tourn"]
[EventCountry "FRA"]
[SourceTitle "playchess.com"]
[Source "ChessBase"]
[SourceQuality "1"]
[TimeControl "40/5400+30:1800+30"]

1. d4 {[%emt 0:00:00]} f5 {[%emt 0:00:00]} 2. Bf4 {[%emt 0:00:00]} Nf6 {[%emt 0:00:35]} 3. e3 {[%emt 0:00:00]} g6 {[%emt 0:03:05]} 4. h4 {[%emt 0:00:20]} h6 {[%emt 0:00:49]} 5. Qf3 {[%emt 0:05:21]} d6 {[%emt 0:01:52]} 6. Nc3 {[%emt 0:00:27]} Bg7 {[%emt 0:02:19]} 7. Bc4 {[%emt 0:06:31]} e6 {[%emt 0:01:54]} 8. O-O-O {[%emt 0:13:10]} Nc6 {[%emt 0:06:48]} 9. Nge2 {[%emt 0:07:05]} Bd7 {[%emt 0:15:27]} 10. Qg3 {[%emt 0:13:06]} Ne7 {[%emt 0:05:17]} 11. f3 {[%emt 0:01:03]} Rb8 {[%emt 0:06:36]} 12. e4 {[%emt 0:07:19]} b5 {[%emt 0:12:17]} 13. Bd3 {[%emt 0:00:34]} b4 {[%emt 0:07:30]} 14. Nb1 {[%emt 0:00:08]} Nh5 {[%emt 0:01:05]} 15. Qf2 {[%emt 0:01:13]} fxe4 {[%emt 0:00:47]} 16. Bxe4 {[%emt 0:00:30]} O-O {[%emt 0:01:46]} 17. Bh2 {[%emt 0:05:53]} Nf6 {[%emt 0:05:59]} 18. Qe3 {[%emt 0:03:30]} Ned5 {[%emt 0:00:51]} 19. Qd2 {[%emt 0:01:07]} Nxe4 {[%emt 0:00:05]} 20. fxe4 {[%emt 0:00:02]} Nf6 {[%emt 0:00:09]} 21. Nf4 {[%emt 0:02:09]} Ng4 {[%emt 0:05:08]} 22. Nxg6 {[%emt 0:04:33]} Rf2 {[%emt 0:00:11]} 23. Qd3 {[%emt 0:00:02]} Bb5 {[%emt 0:05:55]} 24. Qh3 {[%emt 0:04:33]} h5 {[%emt 0:00:09]} 25. Nf4 {[%emt 0:00:31]} Nxh2 {[%emt 0:08:21]} 26. Qxe6+ {[%emt 0:01:27]} Kh8 {[%emt 0:00:02]} 27. Nxh5 {[%emt 0:01:26]} Qxh4 {[%emt 0:04:26]} 28. Nxg7 {[%emt 0:04:16]} Kxg7 {[%emt 0:00:01]} 29. Nd2 {[%emt 0:00:09]} Qg4 {[%emt 0:01:26]} 30. Qb3 {[%emt 0:01:39]} Be2 {[%emt 0:01:25]} 31. Qe3 {[%emt 0:00:41]} Rbf8 {[%emt 0:01:59]} 32. Rdg1 {[%emt 0:01:28]} Qh4 {[%emt 0:00:17]} 33. d5 {[%emt 0:08:03]} R8f6 {[%emt 0:01:25]} 34. e5 {[%emt 0:01:37]} R6f5 {[%emt 0:00:32]} 35. e6 {[%emt 0:01:05]} Kf8 {[%emt 0:00:07]} 36. Qxa7 {[%emt 0:02:12]} Bh5 {[%emt 0:00:19]} 37. Nf3 {[%emt 0:01:51]} Qf4+ {[%emt 0:01:03]} 38. Kb1 {[%emt 0:00:01]} Rxc2 {[%emt 0:00:28]} 39. Kxc2 {[%emt 0:01:19]} Qe4+ {[%emt 0:00:01]} 40. Kc1 {[%emt 0:00:29]} Rxd5 {[%emt 0:00:09]} 41. e7+ {[%emt 0:21:43]} Kg7 {[%emt 0:00:58]} 42. Re1 {[%emt 0:01:56]} Qf5 {[%emt 0:00:42]} 43. e8=N+ {[%emt 0:03:08]} Bxe8 {[%emt 0:01:55]} 44. Qxc7+ {[%emt 0:07:03]} Bf7 {[%emt 0:00:32]} 45. Rxh2 {[%emt 0:00:19]} Rc5+ {[%emt 0:00:12]} 46. Qxc5 {[%emt 0:00:01]} Qxc5+ {[%emt 0:01:30]} 47. Kb1 {[%emt 0:00:02]} Qc4 {[%emt 0:00:06]} 48. Rh4 {[%emt 0:01:33]} Qxa2+ {[%emt 0:00:05]} 49. Kc1 {[%emt 0:00:05]} Bg6 {[%emt 0:00:39]} 50. Rd4 {[%emt 0:00:58]} Qb1+ {[%emt 0:00:11]} 51. Kd2 {[%emt 0:00:01]} Qxb2+ {[%emt 0:00:05]} 52. Ke3 {[%emt 0:00:02]} b3 {[%emt 0:00:57]} 53. Rxd6 {[%emt 0:00:41]} Qc3+ {[%emt 0:00:25]} 54. Kf4 {[%emt 0:00:39]} Qc7 {[%emt 0:09:36]} 55. Ree6 {[%emt 0:00:01]} Bf7 {[%emt 0:00:13]} 56. Rf6 {[%emt 0:00:13]} b2 {[%emt 0:00:06]} 57. Nd2 {[%emt 0:00:02]} Bd5 {[%emt 0:02:39]} 58. Ke3 {[%emt 0:02:35]} Qc3+ {[%emt 0:04:00]} 59. Ke2 {[%emt 0:00:01]} Bc4+ {[%emt 0:03:00]} 60. Kf2 {[%emt 0:00:02]} Bd3 {[%emt 0:00:12]} 61. Ke3 {[%emt 0:00:02]} Bg6+ {[%emt 0:00:34]} 62. Kf2 {[%emt 0:00:39]} Qc5+ {[%emt 0:00:17]} 63. Kf3 {[%emt 0:00:30]} Bh5+ {[%emt 0:00:23]} 64. Kg3 {[%emt 0:01:13]} Qe3+ {[%emt 0:00:04]} 65. Kh2 {[%emt 0:00:16]} Qe5+ {[%emt 0:01:15]} 66. Kg1 {[%emt 0:00:03]} Bf7 {[%emt 0:00:17]} 67. Kf2 {[%emt 0:00:42]} Bc4 {[%emt 0:02:17]} 68. Nxc4 {[%emt 0:01:02]} Qc5+ {[%emt 0:12:15] Nd2 Qe5 Kg1 Qxf6 Rd3 Kh6 Rh3+ Kg6 Rg3+ Kh5 Rf3 Qd4+ Rf2 Kg4} 0-1

[Event "94th FRA-ch 2019"]
[Site "Chartres"]
[Date "2019.08.24"]
[Round "8.3"]
[White "Cornette, Matthieu"]
[Black "Lagarde, Maxime"]
[Result "1/2-1/2"]
[WhiteElo "2555"]
[BlackElo "2626"]
[Annotator "TA"]
[PlyCount "90"]
[EventDate "2019.08.17"]
[EventType "tourn"]
[EventCountry "FRA"]
[SourceTitle "playchess.com"]
[Source "ChessBase"]
[SourceQuality "1"]

{[%evp 11,90,20,26,9,27,15,16,26,9,7,28,29,20,27,19,18,23,27,35,25,29,26,26,31,24,32,66,56,76,8,8,12,79,77,90,86,75,75,86,54,40,42,47,47,56,45,37,0,0,0,0,0,8,8,8,8,8,0,0,0,0,0,0,0,70,70,70,0,0,0,0,0,0,0,0,0,59,59,59,59,77]} 1. e4 c5 2. Nf3 Nc6 3. Bb5 g6 4. O-O Bg7 5. Re1 e5 6. b4 Nxb4 7. Bb2 {B31: Sicilian: 2...Nc6 3 Bb5 g6} a6 8. a3 $1 {[%cal Ra3b4]} axb5 9. axb4 {The position is equal.} Rxa1 10. Bxa1 d6 11. bxc5 Ne7 12. cxd6 (12. Qe2 b4 13. Qc4 Qa5 14. cxd6 Be6 {½-½ (34) Caruana,F (2832)-Carlsen,M (2835) London 2018}) 12... Qxd6 13. d4 exd4 14. Bxd4 Bxd4 $146 ({Predecessor:} 14... O-O) 15. Nxd4 b4 16. Nb5 Qxd1 17. Rxd1 O-O 18. c3 b3 19. Nd4 Be6 {[#]} 20. Nxe6 (20. Nd2 $1 $16) 20... fxe6 $16 {[%mdl 4096] Endgame KRN-KRN} 21. Kf1 {With the idea Rd7.} Nc6 {[#]} (21... Ra8 $11 {keeps the balance.}) 22. Nd2 $1 Ne5 23. Nxb3 Ng4 24. Rd2 Nxh2+ 25. Kg1 Ng4 26. f3 Ne5 27. Rd6 Rc8 28. Rxe6 Rxc3 29. Rxe5 {Black must now prevent Rb5.} (29. Rb6 {feels hotter.} Rc7 30. Nd4 Nd7 31. Rb4 Kf7 32. Ne2) 29... Rxb3 $14 {KR-KR} 30. Re7 b5 31. Rb7 h5 32. Kh2 b4 33. Kh3 Rb2 34. g3 g5 $1 35. Rb5 g4+ 36. fxg4 hxg4+ 37. Kxg4 b3 (37... Kf7 $11) 38. Rb7 Rb1 39. Kf4 (39. Kg5 $14) 39... b2 $11 40. Ke5 Kf8 41. g4 Kg8 42. g5 Kf8 43. Ke6 {Strongly threatening e5.} Re1 (43... Kg8 $1 $11) 44. Rxb2 $14 Rxe4+ 45. Kf6 {Hoping for Rb8+.} Re8 $1 {Accuracy: White = 76%, Black = 68%.} 1/2-1/2

[Event "94th FRA-ch 2019"]
[Site "Chartres"]
[Date "2019.08.24"]
[Round "8.4"]
[White "Gozzoli, Yannick"]
[Black "Gharamian, Tigran"]
[Result "1/2-1/2"]
[WhiteElo "2614"]
[BlackElo "2586"]
[Annotator "TA"]
[PlyCount "35"]
[EventDate "2019.08.17"]
[EventType "tourn"]
[EventCountry "FRA"]
[SourceTitle "playchess.com"]
[Source "ChessBase"]
[SourceQuality "1"]

{[%evp 9,35,30,23,0,0,11,15,17,25,25,18,40,20,16,16,28,15,8,8,45,50,7,13,0,0,0,0,0]} 1. d4 Nf6 2. c4 e6 3. Nf3 d5 4. Nc3 dxc4 5. e4 Bb4 6. Bxc4 {D24: Queen's Gambit Accepted: 3 Nf3 Nf6 4 Nc3} Nxe4 7. O-O Nf6 8. Qa4+ Nc6 9. Ne5 Bd6 $146 ({Predecessor:} 9... Rb8 10. d5 exd5 11. Nxd5 Nxd5 12. Nxc6 bxc6 13. Qxc6+ Qd7 14. Qxd5 {½-½ (31) Mamedyarov,S (2817)-Caruana,F (2832) Germany 2019}) 10. Nxc6 bxc6 11. Qxc6+ Bd7 12. Qf3 h6 13. Bf4 Bxf4 14. Qxf4 Bc6 15. Rfd1 O-O {The position is equal.} 16. Rac1 Qb8 17. b3 Rd8 18. Qe5 {Accuracy: White = 71%, Black = 90%.} 1/2-1/2